Vzdělávání dětí se speciálními vzdělávacími potřebami v Evropě : tématická publikace. (Díl 2.), Podmínky v sekundárním a terciálním vzdělávání / Evropská agentura pro rozvoj speciálního vzdělávání ; [překlad Věra Vojtová]
Record details
- ISBN: 978-87-91811-60-9
- Physical Description: 85 s.
- Publisher: Brussels : Evropská agentura pro rozvoj speciálního vzdělávání, 2006
Search for related items by subject
| Subject: | EURYDICE (organizace) speciální pedagogika vzdělávací politika > Evropa vzdělávání > Evropa special education |
Available copies
- 2 of 2 copies available at Common Catalog SPOK.
Holds
- 0 current holds with 2 total copies.
Show Only Available Copies
| Location | Call Number / Copy Notes | Barcode | Shelving Location | Status | Due Date |
|---|---|---|---|---|---|
| Varianty | Cho Vz | 4605400213 | Šafaříkova 17 - 5. patro, chodba | Available | - |
| Varianty | IKV Vz | 4605400164 | Šafaříkova 17 - 5. patro, IKV | Available | - |
| LDR | 01254nam a22003137a 4500 | ||
|---|---|---|---|
| 001 | 31372 | ||
| 003 | CZ-PrJAB | ||
| 005 | 20190320130522.0 | ||
| 008 | 070214s2006 be ||||| |||||||||||cze d | ||
| 020 | . | ‡a978-87-91811-60-9 ‡z8791811600 | |
| 035 | . | ‡a(CZ PrSKC)000490772 | |
| 040 | . | ‡aBOD003 ‡bcze | |
| 041 | 1 | . | ‡acze ‡heng |
| 080 | . | ‡a376 ‡2MRF | |
| 080 | . | ‡a(4) ‡2MRF | |
| 080 | . | ‡a37.0 ‡2MRF | |
| 080 | . | ‡a37.014.5 ‡2MRF | |
| 245 | 0 | 0. | ‡aVzdělávání dětí se speciálními vzdělávacími potřebami v Evropě : ‡btématická publikace. ‡n(Díl 2.), ‡pPodmínky v sekundárním a terciálním vzdělávání / ‡cEvropská agentura pro rozvoj speciálního vzdělávání ; [překlad Věra Vojtová] |
| 246 | 3 | 0. | ‡aPodmínky v sekundárním a terciálním vzdělávání |
| 260 | . | ‡aBrussels : ‡bEvropská agentura pro rozvoj speciálního vzdělávání, ‡c2006 | |
| 300 | . | ‡a85 s. | |
| 610 | 2 | 7. | ‡aEURYDICE (organizace) ‡7kn20010711074 ‡2czenas |
| 650 | 0 | 7. | ‡aspeciální pedagogika ‡7ph116230 ‡2czenas |
| 650 | 0 | 7. | ‡avzdělávací politika ‡7ph127308 ‡zEvropa ‡2czenas |
| 650 | 0 | 7. | ‡avzdělávání ‡7ph127311 ‡zEvropa ‡2czenas |
| 650 | 0 | 9. | ‡aspecial education ‡2eczenas |
| 700 | 1 | . | ‡aVojtová, Věra, ‡d1956- ‡7mzk2005269992 ‡4trl |
| 910 | . | ‡aABH006 | |
| 901 | . | ‡a31372 ‡b ‡c31372 ‡tbiblio | |